000
00229 a2200097 4500
001
37975
100
_a
Fox A B
245
_a
The politics of attraction
260
_a
USA
_b
Columbia University Press
_c
1977
090
_c
24154
_d
24154
942
_a
NUST-CAE
_c
M
_c
15730
999
_c
273048
_d
273048